| 000 | 00510cam a2200169ua 4500 | ||
|---|---|---|---|
| 041 |
_aeng _h |
||
| 082 |
_a636.0876 _bAGG/PR |
||
| 100 | _aAggarwala, A.C . | ||
| 245 |
_aProduction of whole some meet in India / _cA.C.Aggarwala. _hTextual Documents |
||
| 260 |
_aNew Delhi : _bIndian Council for Agricultural Research , _c1964. |
||
| 300 | _a83 ; . | ||
| 440 | 0 |
_aFarm Bulletin, new series no:15, _v _x; |
|
| 490 | 0 |
_aFarm Bulletin, new series no:15, _v _x; |
|
| 504 | _a | ||
| 942 | _cBK | ||
| 999 |
_c746 _d746 |
||